[Event "Lazne Bohdanec (Women)"]
[Site "Lazne Bohdanec"]
[Date "1995.??.??"]
[Round "?"]
[White "Baginskaite, Kamile"]
[Black "Saljova, Silvie"]
[Result "0-1"]
[WhiteElo "2335"]
[BlackElo "2235"]

1.d4 Nf6 2.c4 e6 3.g3 Bb4+ 4.Bd2 Qe7 5.Bg2 O-O 6.e3 Bxd2+ 7.Qxd2 a5 8.Ne2 d6
9.O-O e5 10.Nbc3 Nc6 11.Nd5 Qd8 12.f4 exd4 13.Nxd4 Nxd4 14.Qxd4 Nd7 15.e4 f6
16.Rad1 Re8 17.Rfe1 Nf8 18.h3 Bd7 19.Kh2 Bc6 20.e5 fxe5 21.fxe5 dxe5 22.Rxe5 Ng6
23.Rxe8+ Bxe8 24.Qf2 c6 25.Rf1 Rc8 26.Be4 Qd6 27.Qf5 Rd8 28.Nf4 Qd2+ 29.Kh1 Bd7
30.Qh5 Rf8 31.Rd1 Qe3 32.Bxg6 hxg6 33.Nxg6 Qe4+ 34.Kg1 Qe3+ 35.Kh1 Qe4+ 36.Kg1  0-1

[Event "Lisboa Mestres-B"]
[Site "Lisboa"]
[Date "1995.??.??"]
[Round "3"]
[White "Carneiro, Carlos"]
[Black "Morais, Vitor"]
[Result "1-0"]
[WhiteElo "2245"]
[BlackElo "2215"]

1.d4 Nf6 2.c4 e6 3.g3 Bb4+ 4.Bd2 a5 5.Bg2 Nc6 6.d5 Ne5 7.Qc2 Qe7 8.dxe6 fxe6
9.Nf3 Qc5 10.a3 Nfg4 11.O-O Bxd2 12.Nbxd2 Ra6 13.Ng5 Qe7 14.h4 h6 15.Ngf3 O-O
16.Qe4 Qf6 17.Bh3 h5 18.Ng5 g6 19.f4 Nc6 20.Ndf3 Kg7 21.Rad1 d6 22.c5 Ne7
23.cxd6 cxd6 24.Bxg4 hxg4 25.Nh2 d5 26.Qe3 Nf5 27.Qd3 Rc6 28.Nxg4 Qxb2 29.Rf3 Rc2
30.Kf1 Re8 31.Ne5 Rc1 32.Rxc1 Qxc1+ 33.Kg2 Rf8 34.Qc3 Qxc3 35.Rxc3 Re8 36.Rc7+ Ne7
37.g4 a4 38.Kg3 b6 39.Ngf7 Kf8 40.Nd6 Rd8 41.Ndf7 Re8 42.Nh8 Ba6 43.Nhxg6+ Nxg6
44.Nxg6+ Kg8 45.h5 e5 46.f5  1-0

[Event "Litomysl op"]
[Site "Litomysl"]
[Date "1995.??.??"]
[Round "7"]
[White "Neuman, Petr"]
[Black "Helis, Tadeusz"]
[Result "1-0"]
[WhiteElo "2155"]
[BlackElo "2235"]

1.d4 Nf6 2.c4 e6 3.g3 Bb4+ 4.Bd2 Qe7 5.Nc3 Nc6 6.Nf3 O-O 7.Bg2 d6 8.O-O Bxc3
9.Bxc3 Ne4 10.Be1 a5 11.d5 Nd8 12.Nd4 f5 13.dxe6 Bxe6 14.Nxe6 Nxe6 15.Bxe4 fxe4
16.Qd5 e3 17.f3 Kh8 18.Bc3 Nc5 19.Rad1 b6 20.Rd4 Rae8 21.Rh4 Qf7 22.Rg4 Ne6
23.Re4 Nd8 24.Qxf7 Nxf7 25.Rxe8 Rxe8 26.Rd1 Kg8 27.Rd3 c5 28.a4 Kf8 29.b3 Re6
30.Kg2 h5 31.h3 Nd8 32.f4 Nf7 33.Kf3 g5 34.f5 Re8 35.g4 hxg4+ 36.hxg4 Rd8
37.Bf6 Rd7 38.Rxe3 d5 39.cxd5 Rxd5 40.Rd3 Rd6 41.Rxd6 Nxd6 42.Bxg5 Ke8 43.Bf4 Nb7
44.Bc7  1-0

[Event "POL-chT"]
[Site "Lubniewice"]
[Date "1995.??.??"]
[Round "5"]
[White "Szymczak, Zbigniew"]
[Black "Blehm, Pawel"]
[Result "1/2-1/2"]
[WhiteElo "2345"]
[BlackElo "2340"]

1.d4 Nf6 2.c4 e6 3.g3 Bb4+ 4.Bd2 c5 5.Bxb4 cxb4 6.Nf3 O-O 7.Bg2 d6 8.O-O Re8
9.a3 Nc6 10.axb4 Nxb4 11.Nc3 Bd7 12.e4 Qc7 13.e5 dxe5 14.dxe5 Ng4 15.h3 Nh6
16.Qe2 Nf5  1/2-1/2

[Event "POL-chT"]
[Site "Lubniewice"]
[Date "1995.??.??"]
[Round "10"]
[White "Jaworski, Miroslaw"]
[Black "Goj, Artur"]
[Result "1/2-1/2"]
[WhiteElo "2360"]
[BlackElo "2340"]

1.d4 Nf6 2.c4 e6 3.g3 Bb4+ 4.Bd2 Qe7 5.Nf3 O-O 6.Bg2 Bxd2+ 7.Qxd2 d6 8.Nc3 e5
9.O-O Re8 10.e4 Bg4 11.d5 Bxf3 12.Bxf3 a5 13.b3 Nbd7 14.Qc2 Rec8 15.a3 c6
16.dxc6 bxc6 17.b4 Rab8 18.Rab1 axb4 19.axb4 Nf8 20.b5 Ne6 21.bxc6 Rxb1 22.Rxb1 Nd4
23.Qd3 Nxc6 24.Nb5 Rd8 25.Rd1 Ne8 26.Qa3 h6 27.Kg2 Qe6 28.Qa4 Qc8 29.Qa3 Qe6
30.Be2 Qe7 31.Qa6 Nb8 32.Qa3 Nc6 33.Bg4 Nf6 34.Bf3 Ne8 35.h3 Kh7 36.Bg4 g6
37.Qa6 Nb8 38.Qb6 h5 39.Bf3 Nd7 40.Qa7 Qf6 41.Rd5 Kg7 42.Qb7 Nf8 43.Bd1 Ne6
44.Qa7 Ng5 45.Qe3 Qe7 46.h4 Ne6 47.Qd2 Rc8 48.Nxd6 Nxd6 49.Rxd6 Rxc4 50.Bb3 Rd4
51.Rxd4  1/2-1/2

[Event "Madrid-ch"]
[Site "Madrid"]
[Date "1995.??.??"]
[Round "1"]
[White "Gallego, Victoriano"]
[Black "Aranda Marin, Cristian"]
[Result "1/2-1/2"]
[WhiteElo "2345"]
[BlackElo "2245"]

1.d4 Nf6 2.c4 e6 3.g3 Bb4+ 4.Bd2 Qe7 5.Nf3 O-O 6.Bg2 Bxd2+ 7.Qxd2 d6 8.Nc3 Nbd7
9.O-O e5 10.e4 c6 11.Rad1 Re8 12.d5 cxd5 13.Nxd5 Nxd5 14.Qxd5 Nc5 15.Qxd6 Qxd6
16.Rxd6 Nxe4 17.Rd3 Nf6 18.Re1 Bf5 19.Rde3 e4 20.Ng5 Ng4 21.R3e2 e3 22.f3 Nf6
23.Rxe3 Rxe3 24.Rxe3 Rd8 25.Re7 h6 26.Ne4 Bxe4 27.fxe4 Ng4 28.Bf3 Ne3 29.Rxb7 Nxc4
30.b3 Ne5 31.Be2 Rd2 32.Kf2 Rxa2 33.Ke3 a5 34.h3 Kf8 35.Bb5 Rb2 36.Ba4 Rg2
37.Kf4 f6 38.Ra7 Rf2+ 39.Ke3 Rf3+ 40.Kd4 Rxg3 41.Rxa5 Ke7 42.Ra7+ Kd6 43.Ra6+ Kc7
44.Kc5 Rc3+ 45.Kd5 Kb7 46.Re6 Ng6 47.Rd6 Nf4+ 48.Kd4 Rd3+ 49.Kc5 Rxd6 50.Kxd6 Nxh3
51.e5 fxe5 52.Kxe5 g5 53.Bd7 Nf4 54.Kf6 Kc7 55.Bf5 Kd6 56.b4 Kd5 57.b5 Kc5
58.Be4 Kxb5 59.Kg7 h5 60.Kh6 g4 61.Kg5 Nh3+ 62.Kxh5 Nf2 63.Kh4  1/2-1/2

[Event "Fide Mercenarios 7th"]
[Site "MEX"]
[Date "1995.??.??"]
[Round "9"]
[White "Pla, Silvio"]
[Black "Morales, Humberto"]
[Result "1/2-1/2"]
[WhiteElo "2245"]
[BlackElo "2255"]

1.d4 Nf6 2.c4 e6 3.g3 Bb4+ 4.Bd2 Qe7 5.Bg2 O-O 6.Nc3 d5 7.a3 Bxc3 8.Bxc3 a5
9.Nf3 Ne4 10.O-O Nc6 11.Nd2 Nxd2 12.Qxd2 Rd8 13.b4 axb4 14.axb4 Rxa1 15.Rxa1 dxc4
16.b5 Nb8 17.Bb4 Qe8 18.Qf4 e5 19.Qxe5 Qxe5 20.dxe5 Nd7 21.Rd1 Re8 22.Bxb7 Nxe5
23.Bxc8 Rxc8 24.Rd5 f6 25.Rc5 Ra8 26.Bc3 Nf7 27.Rxc7 Nd6 28.b6 Rb8 29.Rc6 Nb5
30.Ba5 c3 31.Rc5 Nd4 32.Bxc3  1/2-1/2

[Event "Odorheiu Secuiesc zt"]
[Site "Odorheiu Secuiesc"]
[Date "1995.??.??"]
[Round "5"]
[White "Marin, Mihail"]
[Black "Hracek, Zbynek"]
[Result "1/2-1/2"]
[WhiteElo "2540"]
[BlackElo "2595"]

1.d4 Nf6 2.c4 e6 3.g3 Bb4+ 4.Bd2 Qe7 5.Nf3 Nc6 6.Nc3 Bxc3 7.Bxc3 Ne4 8.Rc1 O-O
9.Bg2 d6 10.d5 Nd8 11.Bb4 e5 12.Nd2 Nxd2 13.Qxd2 b6 14.Bc3 a5 15.O-O Nb7
16.f4 f6 17.f5 Nc5 18.b3 Bd7 19.Bb2 Qf7  1/2-1/2

[Event "World op"]
[Site "Philadelphia"]
[Date "1995.??.??"]
[Round "3"]
[White "Salomon, Eugene J"]
[Black "Rowley, Robert"]
[Result "1-0"]
[WhiteElo "2285"]
[BlackElo "2350"]

1.d4 Nf6 2.c4 e6 3.g3 Bb4+ 4.Bd2 Bxd2+ 5.Qxd2 d6 6.Nc3 Nbd7 7.Nf3 O-O 8.Bg2 e5
9.O-O Re8 10.dxe5 Nxe5 11.Nxe5 dxe5 12.Qxd8 Rxd8 13.Rfd1 Rd7 14.Nd5 c6 15.Nxf6+ gxf6
16.c5 Kf8 17.Kf1 Ke7 18.Ke1 Rxd1+ 19.Rxd1 Be6 20.a3 a5 21.Rc1 a4 22.e3 Ra5
23.Bf1 e4 24.Rc3 f5 25.h4 Kf6 26.Be2 Ke5 27.Kd2 Bb3 28.Bc4 Rxc5 29.Bxb3 Rxc3
30.Kxc3 axb3 31.Kxb3 Kd5 32.h5 h6 33.Kb4 b6 34.a4 f6 35.b3 f4 36.gxf4 f5
37.Kc3 c5 38.Kc2 Kc6 39.Kd2 Kd6 40.Ke2 c4 41.b4 c3 42.Kd1 Kd5 43.Kc2 Kc4
44.a5  1-0

[Event "CZE Tschechien-ch"]
[Site "Prague"]
[Date "1995.??.??"]
[Round "?"]
[White "Sykora, Robert"]
[Black "Bores, Roman"]
[Result "0-1"]
[WhiteElo "2140"]
[BlackElo "2295"]

1.d4 Nf6 2.c4 e6 3.g3 Bb4+ 4.Bd2 Qe7 5.Nf3 Bxd2+ 6.Nbxd2 d6 7.Bg2 e5 8.e4 O-O
9.O-O Bg4 10.d5 Qd7 11.b4 a5 12.a3 Na6 13.Qb3 Bh3 14.Rfe1 Qg4 15.Nh4 Bxg2
16.Kxg2 Nh5 17.Nf5 axb4 18.axb4 Nf4+ 19.Kh1 Nh3 20.f3 Qh5 21.Qe3 g6 22.g4 Qg5
23.Qxg5 Nxg5 24.Ne3 Nxb4 25.Reb1 Rxa1 26.Rxa1 Nd3 27.Kg2 f6 28.Ra7 Nc5 29.Nc2 Rc8
30.h4 Nf7 31.Kf2 h5 32.gxh5 gxh5 33.Ke3 Nh8 34.Ne1 Ng6 35.Ng2 Kh7 36.Ra3 Rg8
37.Nb3 Nxb3 38.Rxb3 Rb8 39.Ra3 Kh6 40.Ra7 Ne7 41.Kd3 f5 42.Ne3 f4 43.Nf5+ Nxf5
44.exf5 Kg7 45.Ra2 Kf6 46.Rg2 Ra8 47.Rg6+ Kxf5 48.Rg7 Ra3+ 49.Ke2 Re3+ 50.Kf2 e4
51.fxe4+ Rxe4 52.Rxc7 Kg4 53.Rg7+ Kxh4 54.Rxb7 Rxc4 55.Rd7 Kg4 56.Rxd6 Rc2+
57.Ke1 Kf3 58.Rd8 Re2+ 59.Kd1 Re5 60.d6 Kf2 61.d7 Rd5+ 62.Kc2 f3 63.Kc3 h4
64.Kc4 Rd1 65.Kc5 h3 66.Kc6 h2 67.Rh8 Kg2 68.Rg8+ Kh3 69.Rh8+ Kg3 70.Rg8+ Kf4  0-1

[Event "CZE Tschechien-ch"]
[Site "Prague"]
[Date "1995.??.??"]
[Round "?"]
[White "Sykora, Robert"]
[Black "Chloupek, Stanislav"]
[Result "1/2-1/2"]
[WhiteElo "2140"]
[BlackElo "2305"]

1.d4 Nf6 2.c4 e6 3.g3 Bb4+ 4.Bd2 Be7 5.Bg2 d5 6.Nf3 O-O 7.O-O c6 8.Qc2 b6
9.b3 Nbd7 10.Bc3 Bb7 11.Nbd2 Qc7 12.Rac1 Rac8 13.e4 Rfd8 14.Rfe1 Qb8 15.Bb2 Qa8
16.Qb1 dxe4 17.Nxe4 c5 18.Nfd2 Nxe4 19.Bxe4 Nf6 20.Bxb7 Qxb7 21.Qa1 Rd7 22.Nf1 Rcd8
23.Rcd1 cxd4 24.Rxd4 Rxd4 25.Bxd4 Qf3 26.Qc3 Qh5 27.Kg2 h6 28.h3 Qg6 29.Qe3 h5
30.Nh2 Qf5 31.Nf3 Bc5 32.Re2 Bxd4 33.Nxd4 Qc5 34.Nb5 Qxe3 35.Rxe3  1/2-1/2

[Event "Schwaebisch Gmuend op"]
[Site "Schwaebisch Gmuend"]
[Date "1995.??.??"]
[Round "?"]
[White "Ksieski, Zbigniew"]
[Black "Gipslis, Aivars"]
[Result "1/2-1/2"]
[WhiteElo "2390"]
[BlackElo "2480"]

1.d4 Nf6 2.c4 e6 3.g3 Bb4+ 4.Nd2 O-O 5.Bg2 d5 6.Nf3 dxc4 7.O-O c3 8.Nc4 cxb2
9.Bxb2 Nbd7 10.Qb3 Be7 11.Rfc1 Nb6 12.Nce5 c6 13.Rab1 a5 14.Ba3 Bxa3 15.Qxa3 Ra6
16.e3 Nfd7 17.Bf1 Ra8 18.Nd3 Re8 19.Nfe5 Qe7 20.Qxe7 Rxe7 21.Nc5 Nxe5 22.dxe5 Nd7
23.Nxb7 Nxe5 24.Nc5 Kf8 25.Bg2 Rc7 26.Rb6  1/2-1/2

[Event "Asia-chT"]
[Site "Singapore"]
[Date "1995.??.??"]
[Round "4"]
[White "Othman, A Moussa"]
[Black "Ooi Chern Ee"]
[Result "1-0"]
[WhiteElo "2225"]
[BlackElo "2220"]

1.d4 Nf6 2.c4 e6 3.g3 Bb4+ 4.Bd2 Qe7 5.Bg2 Nc6 6.Nf3 Bxd2+ 7.Qxd2 Ne4 8.Qd3 Qb4+
9.Nbd2 Nxd2 10.Qxd2 Qxc4 11.O-O Qb4 12.Qd3 d5 13.a3 Qe7 14.b4 Nd8 15.Rac1 c6
16.Rc2 O-O 17.Rfc1 f6 18.e4 dxe4 19.Qxe4 Bd7 20.Re2 Nf7 21.Qe3 Rfe8 22.Nd2 Rad8
23.Nb3 Bc8 24.Rce1 Nd6 25.Bh3 Qf7 26.Nc5 e5 27.Bxc8 Rxc8 28.dxe5 Rxe5 29.Qd4 Nb5
30.Qg4 Rce8 31.Rxe5 fxe5 32.Rd1 Nd4 33.Qe4 b6 34.Na4 Rf8 35.Qe3 Qh5 36.Nb2 Nf3+
37.Kf1 Qxh2 38.Qb3+ Kh8 39.Qxf3 Qh3+ 40.Kg1 Qc8 41.Qd3 Qe8 42.Nc4 Qe6 43.Ne3 Qf7
44.Rd2 Ra8 45.Qd7 Qxd7 46.Rxd7 a5 47.Rc7 axb4 48.axb4 Ra4 49.Nc2 c5 50.bxc5 bxc5
51.Rxc5 e4 52.Ne3  1-0

[Event "SLO-chT"]
[Site "?"]
[Date "1995.??.??"]
[Round "1"]
[White "Osmanbegovic, Suad"]
[Black "Zorko, Dusan"]
[Result "0-1"]
[WhiteElo "2360"]
[BlackElo "2225"]

1.d4 Nf6 2.c4 e6 3.g3 Bb4+ 4.Bd2 Bxd2+ 5.Qxd2 O-O 6.Bg2 d5 7.Nf3 Nbd7 8.O-O c6
9.Qc2 Qe7 10.Nbd2 e5 11.dxe5 Nxe5 12.Nxe5 Qxe5 13.cxd5 Nxd5 14.Nc4 Qh5 15.e4 Nf6
16.Nd6 Rb8 17.Rad1 Be6 18.b3 Ne8 19.h4 Nxd6 20.Rxd6 Rbd8 21.Rfd1 Qa5 22.Kh2 Rxd6
23.Rxd6 Rd8 24.Qc3 Qc7 25.Rxd8+ Qxd8 26.Qc5 a6 27.f4 Bg4 28.Qa7 Qc8 29.f5 h5
30.Qd4 Qc7 31.b4 a5 32.a3 axb4 33.axb4 b6 34.Bf1 c5 35.Qc3 Qe7 36.Bd3 cxb4
37.Qc8+ Kh7 38.Qc4 Qc5  0-1

[Event "SLO-chT"]
[Site "?"]
[Date "1995.??.??"]
[Round "2"]
[White "Hulak, Krunoslav"]
[Black "Grosar, Aljosa"]
[Result "1-0"]
[WhiteElo "2555"]
[BlackElo "2485"]

1.d4 Nf6 2.c4 e6 3.g3 Bb4+ 4.Bd2 c5 5.Bg2 Bxd2+ 6.Qxd2 cxd4 7.Nf3 d5 8.cxd5 Qxd5
9.O-O O-O 10.Nxd4 Qh5 11.Rc1 Nbd7 12.Na3 Nb6 13.Ndc2 e5 14.Ne3 e4 15.Rc7 Rb8
16.Rac1 Be6 17.R7c5 Qg6 18.Qa5 Nbd7 19.Rc7 b6 20.Qc3 a6 21.Nac2 Nc5 22.b4 Ncd7
23.Nd4 Rbe8 24.Nxe6 fxe6 25.Qd4 Qh5 26.Bxe4 Qxe2 27.Bc6 Rd8 28.Bxd7 Rxd7
29.Rxd7 Nxd7 30.Rc2 Qb5 31.Qd6 Re8 32.Rc7 Ne5 33.Kg2 a5 34.a4  1-0

[Event "St Petersburg op"]
[Site "St Petersburg"]
[Date "1995.??.??"]
[Round "2"]
[White "Zilberstein, Valery I"]
[Black "Lugovoi, Aleksei"]
[Result "1-0"]
[WhiteElo "2290"]
[BlackElo "2485"]

1.d4 Nf6 2.c4 e6 3.g3 Bb4+ 4.Bd2 Qe7 5.Nf3 Nc6 6.Nc3 Bxc3 7.Bxc3 Ne4 8.Rc1 d6
9.Bg2 O-O 10.O-O Nxc3 11.Rxc3 e5 12.d5 Nb8 13.b4 c6 14.Nd2 cxd5 15.Bxd5 Nc6
16.a3 a5 17.b5 Nd4 18.e3 Ne6 19.Ne4 Nd8 20.Qh5 Kh8 21.f4 g6 22.Qh4 Qxh4 23.gxh4 exf4
24.Nxd6 fxe3 25.Rxe3 f5 26.Re7 f4 27.Rfe1 Bh3 28.Rc7  1-0

[Event "Toronto op"]
[Site "Toronto"]
[Date "1995.??.??"]
[Round "4"]
[White "Taylor, Gordon"]
[Black "Crisan, Ioan"]
[Result "1-0"]
[WhiteElo "2320"]
[BlackElo "2235"]

1.d4 Nf6 2.c4 e6 3.g3 Bb4+ 4.Bd2 Bxd2+ 5.Qxd2 O-O 6.Nc3 d6 7.Nf3 Qe7 8.Bg2 Rd8
9.O-O c6 10.e4 e5 11.d5 Nbd7 12.Ne1 cxd5 13.cxd5 a5 14.Nd3 b6 15.b4 Bb7 16.a3 Rac8
17.Rfc1 Ba6 18.b5 Bb7 19.Na4 Rxc1+ 20.Rxc1 Nc5 21.Ndxc5 bxc5 22.Nb6 Qc7 23.Nc4 a4
24.Qa5 Qxa5 25.Nxa5 Rb8 26.Rb1 Kf8 27.f3 g5 28.g4 Nd7 29.b6 Ba6 30.b7 c4
31.Bf1 Nc5 32.Bxc4 Bxc4 33.Nxc4 Rxb7 34.Rxb7 Nxb7 35.Kf2 Ke7 36.Ke2 Nc5 37.Kd2 Nb3+
38.Kc3 Nd4 39.Nd2 Kd7 40.Kb4 Kc7 41.Kxa4 Kb6 42.Kb4 Nc2+ 43.Kb3 Nd4+ 44.Kc4 Ka6
45.a4 Kb6 46.h3 f6 47.Kc3 Ne2+ 48.Kb4 Nd4 49.a5+ Ka6 50.Nc4 Nxf3 51.Nxd6 Nd2
52.Nc4  1-0

[Event "NBG Open Weilburg"]
[Site "Weilburg"]
[Date "1995.??.??"]
[Round "5"]
[White "Roeber, Bjoern"]
[Black "Ksieski, Zbigniew"]
[Result "1-0"]
[WhiteElo "2210"]
[BlackElo "2420"]

1.d4 Nf6 2.c4 e6 3.g3 Bb4+ 4.Bd2 a5 5.Bg2 d6 6.Nf3 Nbd7 7.Qc2 e5 8.Nc3 exd4
9.Nxd4 O-O 10.O-O Ne5 11.b3 a4 12.Rad1 axb3 13.axb3 c6 14.e4 Re8 15.h3 Qa5
16.Nde2 b5 17.cxb5 cxb5 18.Nd4 Bd7 19.f4 Rec8 20.fxe5 Bxc3 21.Bxc3 Rxc3 22.Qb2 Nxe4
23.Ra1 Rxg3 24.Rxa5 Rxa5 25.Kh2 dxe5 26.Nf5  1-0

[Event "Oberliga Wuert9495"]
[Site "Wuerttemberg"]
[Date "1995.??.??"]
[Round "?"]
[White "Schmitt, Axel"]
[Black "Banaszek, Marcin"]
[Result "1/2-1/2"]
[WhiteElo "2350"]
[BlackElo "2290"]

1.d4 Nf6 2.c4 e6 3.g3 Bb4+ 4.Bd2 Qe7 5.Nf3 O-O 6.Bg2 Bxd2+ 7.Qxd2 Ne4 8.Qc2 f5
9.O-O d6 10.Nc3 Nxc3 11.Qxc3 Nd7 12.Rac1 c6 13.Rfe1 e5 14.c5 exd4 15.cxd6 dxc3
16.dxe7 Re8 17.Rxc3 Rxe7 18.Nd4 Nb6 19.e3 Be6 20.Nxe6 Rxe6 21.Rd1 Re7 22.Rd4 Rf8
23.a4 a6 24.h3 g6 25.g4 fxg4 26.hxg4 Nd7 27.b4 Ne5 28.b5 axb5 29.axb5 cxb5
30.Rc5 Nf3+ 31.Bxf3 Rxf3 32.Rd8+ Kg7 33.Rxb5 Ref7 34.Rd2 h6 35.Rb6 R3f6 36.Rxf6 Rxf6
37.Rb2 b6 38.Kg2 Re6 39.Rb3 g5 40.Kg3 Kf6 41.f4 Rc6 42.Rb5 gxf4+ 43.exf4 Rc3+
44.Kf2 Rc2+ 45.Ke3 Rc6 46.Kd4 Rd6+ 47.Ke4 Ke6 48.Rh5 Kf7 49.Rb5 Ke6 50.Rb2 Rc6
51.Rh2 Kf7 52.Ra2 Rc4+ 53.Ke5  1/2-1/2

[Event "Aegina op"]
[Site "Aegina"]
[Date "1996.??.??"]
[Round "9"]
[White "Papaioannou, Ioannis"]
[Black "Nenashev, Alexander"]
[Result "0-1"]
[WhiteElo "2495"]
[BlackElo "2580"]

1.d4 Nf6 2.c4 e6 3.g3 Bb4+ 4.Bd2 Be7 5.Bg2 d5 6.Nf3 O-O 7.Qc2 c6 8.O-O b6
9.Bf4 Bb7 10.Nbd2 c5 11.Nb3 Nbd7 12.dxc5 Rc8 13.cxb6 Rxc4 14.Qd1 Qxb6 15.Bd2 Ba6
16.Re1 Rfc8 17.Be3 Qb8 18.Na5 Rc2 19.Nd4 R2c7 20.Rc1 Rxc1 21.Bxc1 Qb6 22.Nab3 Ne5
23.Nc2 Nc4 24.Ne3 Bb4 25.Rf1 h6 26.h4 Bd6 27.Kh1 Be5 28.Nxc4 Bxc4 29.Bf3 Qa6
30.g4 Qxa2 31.Nd4 Qb1 32.Be3 Qxb2 33.g5 hxg5 34.hxg5 Ne4 35.g6 Nd2 36.Bh5 fxg6
37.Bg4 Nxf1 38.Bxe6+ Kf8 39.Qxf1 Bxd4 40.Bxd4 Qxd4 41.Bxc8 Qe4+ 42.Kg1 Qxe2
43.Qc1 a5 44.Qf4+ Kg8 45.Bg4 Qe1+ 46.Kh2 Qe4 47.Qb8+ Kh7 48.Qg3 g5 49.Qh3+ Kg6
50.Qh5+ Kf6  0-1

[Event "GRE-chT"]
[Site "Athens"]
[Date "1996.??.??"]
[Round "4"]
[White "Tantsis, Georgios"]
[Black "Ignatiadis, Konstantinos"]
[Result "0-1"]
[WhiteElo "2150"]
[BlackElo "2140"]

1.d4 Nf6 2.c4 e6 3.g3 Bb4+ 4.Bd2 Qe7 5.Bg2 O-O 6.Nc3 d6 7.e4 e5 8.d5 c5 9.Nge2 a6
10.a3 Bxc3 11.Nxc3 Nbd7 12.g4 Ne8 13.h4 Nc7 14.a4 b6 15.Ra3 Rb8 16.Rb3 b5
17.axb5 axb5 18.Nxb5 Nxb5 19.Rxb5 Rxb5 20.cxb5 Nb6 21.Bf1 Qb7 22.b3 Bd7 23.g5 Nc8
24.h5 f5 25.exf5 Bxf5 26.Rg1 g6 27.hxg6 hxg6 28.Be3 Na7 29.Rh1 Nxb5 30.Bc4 Nd4
31.Bxd4 exd4 32.Qf3 Qe7+ 33.Kf1 Ra8 34.Qf4 Ra1+ 35.Kg2 Qe4+ 36.Qxe4 Bxe4+
37.f3 Bxf3+ 38.Kxf3 Rxh1  0-1

[Event "POL-chT"]
[Site "Augustow"]
[Date "1996.??.??"]
[Round "?"]
[White "Urban, Klaudiusz"]
[Black "Suleja, Jaroslaw"]
[Result "1-0"]
[WhiteElo "2440"]
[BlackElo "2250"]

1.d4 Nf6 2.c4 e6 3.g3 Bb4+ 4.Bd2 Qe7 5.Bg2 Bxd2+ 6.Qxd2 d6 7.e3 e5 8.Ne2 c6
9.h3 O-O 10.Nbc3 Na6 11.O-O Nc7 12.b4 Be6 13.Qd3 exd4 14.Nxd4 d5 15.c5 Qd7
16.Kh2 Qe7 17.Rac1 Bd7 18.Rfe1 g6 19.e4 dxe4 20.Bxe4 Be6 21.Nxe6 Nxe6 22.Bg2 Rfd8
23.Qe3 a5 24.b5 Qxc5 25.Ne4 Qe7 26.bxc6 bxc6 27.Rxc6 Nxe4 28.Qxe4 Rab8 29.Qe5 Qa7
30.Re3 Rd2 31.Ra6 Qxa6 32.Qxb8+ Kg7 33.Qe5+ Kg8 34.Rb3 Rd8 35.Rb7 a4 36.Qf6 Rf8
37.Rd7 Nc5 38.Rd6 Qc8 39.Bd5 Ne6  1-0

[Event "AUT-chT2O 9697"]
[Site "Austria"]
[Date "1996.??.??"]
[Round "7"]
[White "Haba, Petr"]
[Black "Farago, Ivan"]
[Result "1/2-1/2"]
[WhiteElo "2455"]
[BlackElo "2525"]

1.d4 Nf6 2.c4 e6 3.g3 Bb4+ 4.Nd2 c5 5.a3 Bxd2+ 6.Qxd2 Nc6 7.dxc5 Ne4 8.Qe3 Qa5+
9.Bd2 Nxd2 10.Qxd2 Qxc5 11.Rc1 b6 12.Bg2 Bb7 13.Nf3 Nd4 14.b4 Nxf3+ 15.Bxf3 Qc7
16.Bxb7 Qxb7 17.O-O O-O 18.Rfd1 Rfd8 19.Qf4 Rac8 20.Rd6 h6 21.Rcd1 Rc7 22.R1d4 Re8
23.Qh4 Qc8 24.Rg4 f5 25.Rgd4 Kh7  1/2-1/2

[Event "AUT-chT9596"]
[Site "?"]
[Date "1996.??.??"]
[Round "?"]
[White "Lukacs, Peter"]
[Black "Farago, Ivan"]
[Result "1/2-1/2"]
[WhiteElo "2440"]
[BlackElo "2525"]

1.d4 Nf6 2.c4 e6 3.g3 Bb4+ 4.Bd2 Be7 5.Bg2 d5 6.Nf3 O-O 7.O-O c6 8.Qc2 b6
9.Bg5 Bb7 10.Nbd2 h6 11.Bxf6 Bxf6 12.Rad1 Na6  1/2-1/2

[Event "Balatonbereny op"]
[Site "Balatonbereny"]
[Date "1996.??.??"]
[Round "6"]
[White "Kiss, Attila"]
[Black "Czebe, Attila"]
[Result "1/2-1/2"]
[WhiteElo "2395"]
[BlackElo "2325"]

1.d4 Nf6 2.c4 e6 3.g3 Bb4+ 4.Bd2 a5 5.Bg2 d5 6.Qc2 Nc6 7.Nf3 dxc4 8.Qxc4 Qd5
9.Qxd5 exd5 10.O-O Bg4 11.Be3 Ne7 12.Bf4 Nf5 13.Be5 Nd7 14.Bxc7 Bxf3 15.Bxf3 Nxd4
16.Nc3 Bxc3 17.bxc3 Nxf3+ 18.exf3 O-O 19.Rab1 Rfc8 20.Bf4 Rxc3 21.Rxb7 Nc5
22.Rc7 Na4 23.Rc1 d4 24.Kf1 h6 25.Rc4 Rxc1+ 26.Bxc1 Nc3 27.Bd2 Nxa2 28.Rxd4 a4
29.Rc4 a3 30.Rc2 Nb4 31.Bxb4 a2 32.Bc3 a1=Q+ 33.Bxa1 Rxa1+ 34.Kg2 Ra5 35.h4 g6
36.f4 h5 37.Re2 Kg7 38.Re5 Ra2 39.Rc5 Kf6 40.f5 gxf5 41.Rc6+ Kg7 42.Kf3 f6  1/2-1/2

[Event "Regionalliga NW9596"]
[Site "Bayern"]
[Date "1996.??.??"]
[Round "?"]
[White "Chloupek, Stanislav"]
[Black "Assmann, Thomas"]
[Result "1/2-1/2"]
[WhiteElo "2270"]
[BlackElo "2290"]

1.d4 Nf6 2.c4 e6 3.g3 Bb4+ 4.Bd2 Be7 5.Bg2 d5 6.Nf3 O-O 7.O-O c6 8.Qb3 b6
9.Bf4 Bb7 10.Nc3 Nbd7 11.cxd5 cxd5 12.Rac1 Nh5 13.Bd2 Rc8 14.a4 Nhf6 15.Nb5 a6
16.Rxc8 Bxc8 17.Na3 Bb7 18.Rc1 Qa8 19.Bb4 Bxb4 20.Qxb4 Rc8 21.Qe1 Rxc1 22.Qxc1 Bc6
23.Qc2 h6 24.e3 Qb7 25.b4 Nb8 26.Ne5 Bd7 27.Bf1 Qc8 28.Qxc8+ Bxc8 29.a5 bxa5
30.bxa5 Ne8 31.Nc2 f6 32.Nd3 Kf7 33.Nc5 Nc7 34.Nb4 Ke7 35.f4 Kd6 36.Kf2 e5
37.fxe5+ fxe5 38.h4 g5 39.hxg5 hxg5 40.Bd3 e4 41.Be2 Ke7  1/2-1/2

[Event "DVM U20"]
[Site "Berlin"]
[Date "1996.??.??"]
[Round "1"]
[White "Kleschtschow, Juri"]
[Black "Gustafsson, Jan"]
[Result "0-1"]
[WhiteElo "2120"]
[BlackElo "2340"]

1.d4 Nf6 2.c4 e6 3.g3 Bb4+ 4.Bd2 Qe7 5.Bg2 Nc6 6.a3 Bxd2+ 7.Qxd2 d6 8.Nf3 e5
9.O-O Bg4 10.dxe5 dxe5 11.Nc3 O-O 12.Nd5 Nxd5 13.cxd5 Rad8 14.Rfd1 Bxf3 15.Bxf3 Nd4
16.Qc3 Nb5 17.Qa5 a6 18.Rac1 Rd7 19.e3 f5 20.Rd2 Nd6 21.Rdc2 Rf7 22.Be2 g6
23.Qb4 Qd8 24.Rd1 Rde7 25.Rdc1 Rd7 26.Rd1 Qg5 27.Kg2 f4 28.exf4 exf4 29.Rc3 Rde7
30.Bf3 fxg3 31.hxg3 Rf6 32.Qg4 Qh6 33.Rdc1 Qg7 34.Re3 Rxe3 35.fxe3 h5 36.Qd4 Nf5
37.Qc3 Qf7 38.Rf1 h4 39.Be4 Nxe3+ 40.Qxe3 Rxf1 41.gxh4 Rf6 42.Qg3 Qe7 43.Bf3 Qe3
44.h5 Qxf3+  0-1

[Event "Berliner Sommer"]
[Site "Berlin"]
[Date "1996.??.??"]
[Round "2"]
[White "Roos, Thomas"]
[Black "Rashkovsky, Nukhim N"]
[Result "1-0"]
[WhiteElo "2255"]
[BlackElo "2530"]

1.d4 Nf6 2.c4 e6 3.g3 Bb4+ 4.Nd2 d5 5.Bg2 O-O 6.Qc2 Nc6 7.Nf3 a5 8.O-O Re8
9.b3 a4 10.a3 axb3 11.Qxb3 Bf8 12.Bb2 b6 13.Qc2 Bb7 14.Rfc1 Re7 15.e4 Nxe4
16.Nxe4 dxe4 17.Qxe4 Na5 18.Qc2 Re8 19.h4 h6 20.Rd1 Ra7 21.d5 Qa8 22.Nd4 exd5
23.Nb5 dxc4 24.Nxc7 Be4 25.Nxe8 Bxc2 26.Bxa8 Bxd1 27.Rxd1 Rxa8 28.Nc7 Rc8
29.Rd7 Nb3 30.Nd5 Nc5 31.Ra7 Nd3 32.Bc3 Bc5 33.Kg2 Re8 34.g4 Nxf2 35.g5 hxg5
36.hxg5 Ne4 37.g6 Rf8 38.Ba1 Ng5 39.Nc7 fxg6 40.Nd5 Rf7  1-0

[Event "Bern op"]
[Site "Bern"]
[Date "1996.??.??"]
[Round "5"]
[White "Schaefer, Michael"]
[Black "Jurek, Josef"]
[Result "0-1"]
[WhiteElo "2190"]
[BlackElo "2345"]

1.d4 Nf6 2.c4 e6 3.g3 Bb4+ 4.Bd2 Be7 5.Bg2 d5 6.Nf3 O-O 7.O-O c6 8.Qc2 b6
9.Bf4 Bb7 10.Nbd2 Nh5 11.Be3 Nd7 12.Rfd1 Bd6 13.Rac1 Qe7 14.a3 a5 15.c5 bxc5
16.dxc5 Bc7 17.b4 e5 18.Nf1 axb4 19.axb4 Ba6 20.Bg5 Qe6 21.e4 d4 22.h4 h6
23.Bd2 Be2 24.Ra1 Bxd1 25.Qxd1 Nhf6 26.Ne1 Ra2 27.Rc1 Rfa8 28.Bf3 R8a3 29.g4 Rxf3
30.Qxf3 Qxg4+ 31.Qxg4 Nxg4 32.f3 Ngf6 33.Rc2 Ra4 34.Kf2 Ne8 35.Ng3 Bd8 36.h5 Bh4
37.b5 cxb5 38.c6 Nb6 39.Nd3 Nc4 40.c7 Nxc7  0-1

[Event "Buenos Aires op"]
[Site "Buenos Aires"]
[Date "1996.??.??"]
[Round "?"]
[White "Sorokin, Maxim"]
[Black "Martinez, M."]
[Result "1-0"]
[WhiteElo "2560"]
[BlackElo "2265"]

1.d4 Nf6 2.c4 e6 3.g3 Bb4+ 4.Nd2 d5 5.Bg2 O-O 6.Nf3 dxc4 7.Qc2 Nc6 8.Qxc4 Ne4
9.e3 e5 10.d5 Bxd2+ 11.Nxd2 Nxd2 12.Bxd2 Ne7 13.Ba5 b6 14.Bb4 Rb8 15.Rc1 Bb7
16.O-O Re8 17.Rfd1 a5 18.Ba3 Rc8 19.Bh3 Rb8 20.d6 Nd5 21.dxc7  1-0

[Event "Calcutta op"]
[Site "Calcutta"]
[Date "1996.??.??"]
[Round "1"]
[White "Mishra, Neeraj Kumar"]
[Black "Suvrajit, Saha"]
[Result "1/2-1/2"]
[WhiteElo "2390"]
[BlackElo "2205"]

1.d4 Nf6 2.c4 e6 3.g3 Bb4+ 4.Bd2 Bxd2+ 5.Nxd2 Nc6 6.Ngf3 O-O 7.Bg2 d6 8.O-O e5
9.d5 Ne7 10.e4 Ne8 11.c5 f5 12.cxd6 cxd6 13.Qb3 Nf6 14.exf5 Bxf5 15.Nh4 Bg4
16.Ne4 Qd7 17.Ng5 h6 18.Ne6 Rfc8 19.f4 e4 20.f5 Be2 21.Rfc1 b5 22.Qe3 Bd3
23.Qd4 Rxc1+ 24.Rxc1 Rc8 25.Rxc8+ Qxc8 26.h3 Nexd5 27.Qxa7 Qd7 28.Qb8+ Ne8
29.Ng6 Nf6 30.b3 d5 31.Nd4 Qd6 32.Qxd6 Nxd6 33.Kf2 Bb1 34.a3 Kf7 35.g4 Nd7
36.Bf1 Nc5 37.b4 Nd3+ 38.Bxd3 exd3 39.Ne5+ Kf6 40.Nef3 Ne4+ 41.Ke3 Nd6 42.Kd2 g6
43.fxg6 Kxg6 44.Ne5+ Kg5 45.Nxd3 Nc4+ 46.Kc3 Nxa3 47.Nf3+ Kf6 48.Kd4 Ba2
49.Nf4 Nc2+ 50.Kc3 Ne3 51.Kd3 Nd1 52.Kd4 Nf2 53.Nxd5+ Bxd5 54.Kxd5 Nxh3 55.Kc5 Ng5
56.Nd4 Ne4+ 57.Kxb5 Kg5 58.Kc6 Nc3  1/2-1/2